[Event "SG Mengede 1 - SG Gladbeck 1"]
[Site "Verbandsklasse - Gruppe 1 202"]
[Date "2021.11.14"]
[Round "2.6"]
[White "Schmidt, Jonas"]
[Black "Wenzel, Martin"]
[Result "0-1"]
[WhiteElo "1753"]
[BlackElo "1893"]
[PlyCount "114"]
[EventDate "2021.??.??"]
[WhiteTeam "SG Mengede 1"]
[BlackTeam "SG Gladbeck 1"]

1. e4 c6 2. d4 d5 3. e5 Bf5 4. Nf3 e6 5. Be3 Nd7 6. Be2 Ne7 7. O-O h6 8. Nbd2
g5 9. Ne1 c5 10. c3 Nc6 11. f4 gxf4 12. Rxf4 Qc7 13. Bd3 Bxd3 14. Nxd3 cxd4 15.
cxd4 Nb6 16. Qh5 Nc4 17. Nxc4 dxc4 18. Nf2 Rh7 19. Rc1 Nb4 20. a3 Nd5 21. Rf3
Nxe3 22. Rxe3 O-O-O 23. Qg4 Kb8 24. Rec3 b5 25. a4 a6 26. axb5 axb5 27. b3 Rg7
28. Qe4 Bb4 29. R3c2 Ba3 30. Ra1 Qa7 31. bxc4 Rxd4 32. Qc6 b4 33. c5 Qb7 34.
Qxb7+ Kxb7 35. Rb1 Rg5 36. Rb3 Rxe5 37. Nd3 Red5 38. Nxb4 Bxb4 39. Rcb2 Rd1+
40. Kf2 R1d2+ 41. Ke3 R5d3+ 42. Ke4 Rd4+ 43. Ke3 R4d3+ 44. Ke4 f5+ 45. Kf4 Rd4+
46. Ke3 Re4+ 47. Kf3 Rxb2 48. Rxb2 Kc6 49. h3 h5 50. Rc2 Bxc5 51. Rc3 Re3+ 52.
Rxe3 Bxe3 53. Kxe3 e5 54. g3 Kd5 55. Kd3 e4+ 56. Ke3 Ke5 57. Ke2 h4 0-1

[Event "SG Mengede 1 - SG Gladbeck 1"]
[Site "Verbandsklasse - Gruppe 1 202"]
[Date "2021.11.14"]
[Round "2.7"]
[White "Rickert, Dirk"]
[Black "Wiktor, Reinhard"]
[Result "0-1"]
[WhiteElo "1784"]
[BlackElo "1766"]
[PlyCount "150"]
[EventDate "2021.??.??"]
[WhiteTeam "SG Gladbeck 1"]
[BlackTeam "SG Mengede 1"]

1. d4 Nf6 2. Nf3 g6 3. Bf4 d6 4. e3 Bg7 5. c4 c6 6. Nc3 a5 7. h3 O-O 8. Be2
Nbd7 9. O-O Re8 10. e4 e5 11. dxe5 dxe5 12. Nxe5 Qe7 13. Nxd7 Nxd7 14. Qd2 Qh4
15. f3 h6 16. Kh2 Ne5 17. Bg3 Qe7 18. f4 Nd7 19. Bf3 Qc5 20. b3 Qb4 21. Rac1 a4
22. Nb1 Qxd2 23. Nxd2 axb3 24. axb3 Ra2 25. Rfd1 Nc5 26. e5 Bf5 27. Rc3 h5 28.
Nf1 Bh6 29. Ne3 Be4 30. Bxe4 Nxe4 31. Rcd3 h4 32. Bxh4 Bxf4+ 33. Kh1 g5 34. Be1
Re2 35. Ng4 Kg7 36. g3 Bxe5 37. Nxe5 Rxe5 38. Kg1 Kg6 39. Bc3 Re6 40. Rf1 Rc2
41. Ba1 Nd2 42. Rf2 Rc1+ 43. Kg2 Ne4 44. Ra2 Nc5 45. Rf3 f5 46. Ra8 Re2+ 47.
Rf2 Rxf2+ 48. Kxf2 Nxb3 49. Rg8+ Kf7 50. Rg7+ Kf8 51. Bf6 Rxc4 52. Rxb7 Nd2 53.
Ke3 Ne4 54. Be7+ Ke8 55. g4 Nc5 56. Bxc5 f4+ 57. Kd3 Rxc5 58. Kd4 Rd5+ 59. Ke4
Rd7 60. Rb6 Re7+ 61. Kf5 f3 62. Rb1 f2 63. Rf1 Rf7+ 64. Kxg5 c5 65. Kh4 c4 66.
Kg3 c3 67. Kg2 Kd7 68. Rd1+ Ke6 69. Kf1 Rf3 70. Rd8 Ke5 71. g5 c2 72. Re8+ Kd4
73. Rd8+ Kc3 74. Rc8+ Kd2 75. h4 c1=Q+ 0-1

[Event "SG Mengede 1 - SG Gladbeck 1"]
[Site "Verbandsklasse - Gruppe 1 202"]
[Date "2021.11.14"]
[Round "2.8"]
[White "Ropel, Dennis"]
[Black "Busch, Udo"]
[Result "0-1"]
[WhiteElo "1714"]
[BlackElo "1759"]
[PlyCount "134"]
[EventDate "2021.??.??"]
[WhiteTeam "SG Mengede 1"]
[BlackTeam "SG Gladbeck 1"]

1. d4 d5 2. Nf3 Nf6 3. Bf4 e6 4. e3 Bd6 5. Bg3 O-O 6. Bd3 c5 7. c3 b6 8. Nbd2
Ba6 9. Bxa6 Nxa6 10. Qe2 Nc7 11. Bxd6 Qxd6 12. O-O Ne4 13. Rad1 Nxd2 14. Rxd2
c4 15. e4 b5 16. e5 Qe7 17. Ne1 a5 18. f4 b4 19. f5 exf5 20. Rxf5 Nb5 21. Qe3
Nd6 22. Rf4 f5 23. g4 Ne4 24. Rg2 fxg4 25. Rfxg4 Rf7 26. h3 Raf8 27. Kh2 Kh8
28. cxb4 axb4 29. Nc2 Nf2 30. R4g3 Nd3 31. b3 Nf4 32. Rf2 Qh4 33. Rg4 Qh6 34.
Rf3 g5 35. Qg1 Ne2 36. Rxf7 Nxg1 37. Rxf8+ Qxf8 38. Kxg1 h6 39. Rg2 Qf3 40.
bxc4 dxc4 41. Nxb4 Qd1+ 42. Kh2 Qxd4 43. Nc2 Qxe5+ 44. Kh1 Kg7 45. a3 h5 46.
Kg1 Qf4 47. Kh1 Kg6 48. Kg1 g4 49. hxg4 hxg4 50. Ne1 g3 51. a4 Kg5 52. a5 Kg4
53. Rc2 Qd4+ 54. Kg2 Qd5+ 55. Kf1 Kh3 56. a6 Qf5+ 57. Kg1 Qb5 58. Ra2 Qb3 59.
Re2 Qb6+ 60. Kf1 Qxa6 61. Rc2 c3+ 62. Kg1 Qf6 63. Re2 Qd4+ 64. Kf1 Qd2 65. Nc2
g2+ 66. Kf2 g1=Q+ 67. Kxg1 Qxe2 0-1

[Event "SV Sterkrade-Nord 1 - Oberhausener SV 2"]
[Site "Verbandsklasse - Gruppe 1 202"]
[Date "2021.11.14"]
[Round "2.2"]
[White "Knudsen, Simon"]
[Black "Groß, Thomas"]
[Result "1-0"]
[WhiteElo "2188"]
[BlackElo "1956"]
[PlyCount "53"]
[EventDate "2021.??.??"]
[WhiteTeam "SV Sterkrade-Nord 1"]
[BlackTeam "Oberhausener SV 2"]

1. e4 c6 2. d4 d5 3. e5 c5 4. dxc5 e6 5. a3 Bxc5 6. b4 Bb6 7. Qg4 Ne7 8. Qxg7
Rg8 9. Qxh7 Nbc6 10. Nf3 Qc7 11. Bb2 Nd4 12. Bd3 Bd7 13. Nbd2 O-O-O 14. Rc1
Nec6 15. c4 dxc4 16. Nxd4 Nxd4 17. Nxc4 Bc6 18. Nd6+ Kb8 19. b5 Rxg2 20. bxc6
Nf3+ 21. Kd1 Rxf2 22. Rc2 Rxc2 23. Bxc2 f6 24. Qxc7+ Bxc7 25. Ke2 Nxe5 26. Bxe5
fxe5 27. Nxb7 1-0

[Event "SV Sterkrade-Nord 1 - Oberhausener SV 2"]
[Site "Verbandsklasse - Gruppe 1 202"]
[Date "2021.11.14"]
[Round "2.3"]
[White "Krueger, André"]
[Black "Aulich, Marcell"]
[Result "1-0"]
[WhiteElo "1944"]
[BlackElo "2155"]
[PlyCount "107"]
[EventDate "2021.??.??"]
[WhiteTeam "Oberhausener SV 2"]
[BlackTeam "SV Sterkrade-Nord 1"]

1. d4 d5 2. c4 c6 3. Nf3 Nf6 4. Nc3 e6 5. g3 a6 6. Bg2 Nbd7 7. O-O Bd6 8. Nd2
O-O 9. e4 Nxe4 10. Ndxe4 dxe4 11. Nxe4 Be7 12. Bf4 Nf6 13. Nc3 Bd6 14. Be5 c5
15. Re1 cxd4 16. Bxd4 Qc7 17. Bxf6 gxf6 18. Qg4+ Kh8 19. Qh4 Be7 20. Ne4 Qe5
21. Rad1 Qf5 22. Nd6 Qg5 23. Qxg5 fxg5 24. Bxb7 Bxb7 25. Nxb7 Rac8 26. Rd7 Rfe8
27. b3 Rc6 28. Red1 Kg7 29. Nd6 Bxd6 30. R1xd6 Rec8 31. Kf1 g4 32. Rd4 h5 33.
Ra7 e5 34. Rd5 Re6 35. Ke2 Kg6 36. Ke3 e4 37. c5 Rf6 38. Ke2 Rcc6 39. Re7 Rfe6
40. Red7 Kg7 41. Rxh5 Kg6 42. Rhd5 f6 43. R7d6 Rxc5 44. Rxe6 Rxd5 45. Rxa6 Rc5
46. b4 Rc2+ 47. Ke3 Kf5 48. b5 Rc3+ 49. Kd2 Rc5 50. a4 Rd5+ 51. Ke2 Rc5 52. b6
Rc2+ 53. Kd1 e3 54. fxe3 1-0

[Event "SV Sterkrade-Nord 1 - Oberhausener SV 2"]
[Site "Verbandsklasse - Gruppe 1 202"]
[Date "2021.11.14"]
[Round "2.4"]
[White "Stricker, Florian"]
[Black "Seibert, Michael"]
[Result "1-0"]
[WhiteElo "2090"]
[BlackElo "1955"]
[PlyCount "89"]
[EventDate "2021.??.??"]
[WhiteTeam "SV Sterkrade-Nord 1"]
[BlackTeam "Oberhausener SV 2"]

1. e4 c5 2. Nc3 g6 3. Nf3 Bg7 4. Bc4 Nc6 5. O-O d6 6. h3 Nf6 7. Re1 O-O 8. a3
e5 9. b4 cxb4 10. axb4 Be6 11. Bxe6 fxe6 12. d3 Nxb4 13. Rb1 a5 14. Ba3 Qc7 15.
Nb5 Qc5 16. c4 Nh5 17. Re2 Rf7 18. Reb2 Raf8 19. Rxb4 axb4 20. Bxb4 Qc6 21.
Bxd6 Rd8 22. Nxe5 Bxe5 23. Bxe5 Qc5 24. d4 Qc6 25. f3 Nf6 26. c5 Nd7 27. Bd6
Nf6 28. Qb3 Re8 29. Bh2 Rd7 30. Nd6 Ree7 31. Ra1 h6 32. Be5 Nh7 33. Ra8+ Nf8
34. Nc4 b5 35. Nb6 Ra7 36. Rd8 Kf7 37. Qe3 g5 38. Nc8 Ra1+ 39. Kh2 Rd7 40. d5
exd5 41. Rxd7+ Nxd7 42. Nd6+ Kg6 43. exd5 Qxd5 44. Bxa1 Nxc5 45. Qe8+ 1-0

[Event "SV Sterkrade-Nord 1 - Oberhausener SV 2"]
[Site "Verbandsklasse - Gruppe 1 202"]
[Date "2021.11.14"]
[Round "2.5"]
[White "Stefaniak, Christian"]
[Black "Grewe, Ludger"]
[Result "0-1"]
[WhiteElo "1871"]
[BlackElo "2087"]
[PlyCount "82"]
[EventDate "2021.??.??"]
[WhiteTeam "Oberhausener SV 2"]
[BlackTeam "SV Sterkrade-Nord 1"]

1. e4 e6 2. d4 d5 3. Nc3 Bb4 4. e5 c5 5. a3 Bxc3+ 6. bxc3 Ne7 7. Nf3 Qa5 8. Bd2
Nbc6 9. Rb1 O-O 10. Bd3 f6 11. exf6 gxf6 12. O-O c4 13. Be2 Kh8 14. Nh4 Ng6 15.
Nxg6+ hxg6 16. Bh5 Kg7 17. Re1 Ne7 18. Bg4 Kf7 19. Qe2 Qa6 20. h4 Rh8 21. h5
Qd6 22. Bf4 Qxf4 23. Bxe6+ Kg7 24. Bxc8 Nxc8 25. Rxb7+ Kh6 26. g3 Qf5 27. g4
Qf4 28. f3 gxh5 29. Kg2 Kg5 30. Rh1 h4 31. Rg7+ Kh6 32. Rxh4+ Kxg7 33. Rxh8
Kxh8 34. Qe8+ Kg7 35. Qd7+ Kh6 36. Qxd5 Nb6 37. Qf7 Qg5 38. a4 Qg6 39. Qc7 Re8
40. Qh2+ Kg7 41. Qc7+ Qf7 0-1

[Event "SV Sterkrade-Nord 1 - Oberhausener SV 2"]
[Site "Verbandsklasse - Gruppe 1 202"]
[Date "2021.11.14"]
[Round "2.6"]
[White "Kuckling, Hannah"]
[Black "Kraus, Kilian"]
[Result "1-0"]
[WhiteElo "2072"]
[BlackElo "1858"]
[PlyCount "75"]
[EventDate "2021.??.??"]
[WhiteTeam "SV Sterkrade-Nord 1"]
[BlackTeam "Oberhausener SV 2"]

1. e4 c6 2. d4 d5 3. Nd2 dxe4 4. Nxe4 Nf6 5. Ng3 h5 6. h4 c5 7. c3 cxd4 8. cxd4
Nc6 9. Nf3 Bg4 10. Be2 g6 11. Be3 Bg7 12. O-O O-O 13. Qd2 Qa5 14. Qxa5 Nxa5 15.
Ne5 Bxe2 16. Nxe2 Rac8 17. Rac1 b6 18. b4 Nb7 19. Nc6 Rce8 20. Nxa7 Nd5 21. Nc3
Nxc3 22. Rxc3 Ra8 23. Nc6 e6 24. Rc2 Nd6 25. d5 exd5 26. Bxb6 Nf5 27. Rd1 Ra6
28. Bc7 Ra4 29. Rxd5 Rc8 30. Bg3 Rca8 31. b5 Nd4 32. Nxd4 Bxd4 33. Rc6 R8a5 34.
Rd8+ Kh7 35. Rc7 Bg7 36. Rxf7 Ra7 37. Rxa7 Rxa7 38. b6 1-0

[Event "SV Sterkrade-Nord 1 - Oberhausener SV 2"]
[Site "Verbandsklasse - Gruppe 1 202"]
[Date "2021.11.14"]
[Round "2.7"]
[White "Matzat, Andre"]
[Black "Finke, Tobias"]
[Result "0-1"]
[WhiteElo "1991"]
[BlackElo "2019"]
[PlyCount "148"]
[EventDate "2021.??.??"]
[WhiteTeam "Oberhausener SV 2"]
[BlackTeam "SV Sterkrade-Nord 1"]

1. d4 Nf6 2. Nf3 e6 3. Bf4 d5 4. e3 Bd6 5. Bg3 O-O 6. Nbd2 c5 7. c3 Nc6 8. Bd3
Re8 9. Ne5 Qc7 10. f4 a5 11. Bh4 Be7 12. Bxf6 Bxf6 13. Ndf3 c4 14. Bc2 b5 15.
h4 Bxe5 16. fxe5 f6 17. Ng5 fxg5 18. Bxh7+ Kf8 19. Bg6 Ke7 20. Bxe8 Kxe8 21.
hxg5 Qf7 22. Qg4 Ne7 23. O-O-O Bb7 24. Rdf1 Qg6 25. Qh5 Qxh5 26. Rxh5 Kd7 27.
Rf7 g6 28. Rhh7 Re8 29. Rhg7 Kd8 30. g4 Bc8 31. b3 Ba6 32. Kb2 Bc8 33. Ka3 Ba6
34. Kb2 Bc8 35. Kc2 Ba6 36. Kd2 Bc8 37. bxc4 dxc4 38. e4 Bb7 39. Ke3 Bc6 40. a3
Bd7 41. Kf2 Bc6 42. Kf3 Bd7 43. d5 Bc8 44. d6 Nc6 45. Kf4 Rh8 46. Rxg6 b4 47.
axb4 axb4 48. Rh6 Rg8 49. cxb4 Nxb4 50. Ke3 Nd3 51. g6 Nxe5 52. Kd4 Nxg6 53. e5
c3 54. Rc7 Nf4 55. Rxc3 Ne2+ 56. Kd3 Ba6+ 57. Kd2 Nxc3 58. Kxc3 Kd7 59. Rh7+
Kc6 60. Ra7 Be2 61. Kd4 Rxg4+ 62. Ke3 Bb5 63. Rc7+ Kb6 64. Kf3 Rg5 65. Re7 Rxe5
66. Kf4 Re1 67. Rc7 Bc6 68. Rc8 Re4+ 69. Kg5 Rd4 70. Kf6 Rxd6 71. Ke5 Kc5 72.
Rc7 Rd7 73. Rc8 Re7 74. Kf6 Kd6 0-1

[Event "SV Sterkrade-Nord 1 - Oberhausener SV 2"]
[Site "Verbandsklasse - Gruppe 1 202"]
[Date "2021.11.14"]
[Round "2.8"]
[White "Schanzenbach, Heiko"]
[Black "Faber, Lennart"]
[Result "0-1"]
[WhiteElo "2051"]
[BlackElo "1687"]
[PlyCount "92"]
[EventDate "2021.??.??"]
[WhiteTeam "SV Sterkrade-Nord 1"]
[BlackTeam "Oberhausener SV 2"]

1. e4 c5 2. Nc3 e6 3. f4 Nc6 4. Nf3 a6 5. g3 d5 6. d3 Nf6 7. Qe2 Nd4 8. Nxd4
cxd4 9. Nd1 dxe4 10. dxe4 Bd7 11. Bd2 Bb5 12. Qf3 Bc6 13. Bd3 h5 14. h3 Nd7 15.
g4 f5 16. Nf2 Nc5 17. gxf5 exf5 18. O-O-O Qb6 19. Rde1 O-O-O 20. Qe2 Na4 21.
Nd1 Nxb2 22. Nxb2 Ba3 23. Kd1 Qxb2 24. Qg2 fxe4 25. Rxe4 Bxe4 26. Bxe4 Rhe8 27.
Re1 Qb1+ 28. Ke2 Qb5+ 29. Kf2 Bc5 30. Bd3 Qd7 31. Qg6 Kb8 32. Rxe8 Rxe8 33.
Qxh5 Qe7 34. Kf3 Rf8 35. Qg4 Bd6 36. f5 Qe5 37. Qg6 Rf6 38. Qg4 g6 39. Bg5 gxf5
40. Qh4 Rf8 41. Bf4 Qd5+ 42. Kf2 Rg8 43. Bf1 Ka7 44. Qh6 Bc5 45. Ke2 Qc4+ 46.
Kf2 Qxc2+ 0-1

[Event "SF Essen-Katernberg  4 - SV Ahlen 2"]
[Site "Verbandsklasse - Gruppe 1 202"]
[Date "2021.11.14"]
[Round "2.1"]
[White "Nattermueller, Irina"]
[Black "Schmitz, Edgar"]
[Result "1-0"]
[WhiteElo "1982"]
[BlackElo "1911"]
[PlyCount "61"]
[EventDate "2021.??.??"]
[WhiteTeam "SV Ahlen 2"]
[BlackTeam "SF Essen-Katernberg  4"]

1. e4 c5 2. Nf3 d6 3. d4 cxd4 4. Nxd4 Nf6 5. Nc3 a6 6. Bc4 e6 7. Bb3 Be7 8. O-O
O-O 9. Qf3 Nc6 10. Be3 Qc7 11. Qg3 Nxd4 12. Bxd4 b5 13. e5 dxe5 14. Bxe5 Qc6
15. Rfe1 Bb7 16. Ne4 Kh8 17. c3 Rg8 18. Ng5 Raf8 19. Qh3 h6 20. Ne4 Nh7 21. f3
f5 22. Nf2 Bf6 23. Nd3 Re8 24. Qh5 Rgf8 25. Kh1 Bg5 26. Rad1 Nf6 27. Qh3 Nd7
28. Nb4 Qc8 29. Bd6 Be7 30. Rxe6 Bxd6 31. Rxh6+ 1-0

[Event "SF Essen-Katernberg  4 - SV Ahlen 2"]
[Site "Verbandsklasse - Gruppe 1 202"]
[Date "2021.11.14"]
[Round "2.2"]
[White "Blome, Simon"]
[Black "Nattermueller, Matthias"]
[Result "1-0"]
[WhiteElo "1901"]
[BlackElo "1910"]
[PlyCount "97"]
[EventDate "2021.??.??"]
[WhiteTeam "SF Essen-Katernberg  4"]
[BlackTeam "SV Ahlen 2"]

1. e4 c5 2. Nf3 e6 3. g3 Nc6 4. Bg2 Qc7 5. O-O Nf6 6. Re1 d6 7. c3 Be7 8. d4
O-O 9. Nbd2 cxd4 10. Nxd4 Ne5 11. Qe2 a6 12. f4 Ned7 13. e5 Nd5 14. exd6 Bxd6
15. Nxe6 Nxc3 16. bxc3 fxe6 17. Qxe6+ Kh8 18. Ne4 Bc5+ 19. Nxc5 Nxc5 20. Qe5
Qxe5 21. Rxe5 Nd3 22. Re7 Nxc1 23. Rxc1 Rb8 24. Rce1 b6 25. Ra7 Bf5 26. Ree7
Rbd8 27. Kf2 Rd2+ 28. Re2 Rd3 29. Be4 Bxe4 30. Rxe4 Rxc3 31. Rxa6 h6 32. Rxb6
Rd8 33. Rb2 Rd1 34. Re1 Rdd3 35. Ree2 Kh7 36. a4 Rf3+ 37. Kg2 Rfd3 38. a5 Rd7
39. Rec2 Rcd3 40. Ra2 Ra7 41. Rc6 Rad7 42. Kh3 Rd2 43. Rxd2 Rxd2 44. a6 Ra2 45.
f5 h5 46. Rb6 Kg8 47. Rg6 Kf7 48. Rg5 Rxa6 49. Rxh5 1-0

[Event "SF Essen-Katernberg  4 - SV Ahlen 2"]
[Site "Verbandsklasse - Gruppe 1 202"]
[Date "2021.11.14"]
[Round "2.3"]
[White "Jaeger, Niklas"]
[Black "Mamikonyan, Davit"]
[Result "1-0"]
[WhiteElo "1718"]
[BlackElo "1851"]
[PlyCount "85"]
[EventDate "2021.??.??"]
[WhiteTeam "SV Ahlen 2"]
[BlackTeam "SF Essen-Katernberg  4"]

1. d4 Nf6 2. Bf4 d5 3. e3 a6 4. Bd3 e6 5. c3 c5 6. Nd2 c4 7. Bc2 Bd6 8. Bxd6
Qxd6 9. f4 Nc6 10. Ngf3 b5 11. Ne5 Bb7 12. O-O h5 13. e4 Qe7 14. Nxc6 Bxc6 15.
e5 Ng4 16. Qf3 g6 17. a4 b4 18. Nxc4 O-O 19. Nd6 Rab8 20. cxb4 Rxb4 21. Qc3 Rc4
22. Nxc4 dxc4 23. Bd1 Bd5 24. Bf3 Rb8 25. Bxd5 exd5 26. Ra3 a5 27. f5 Nh6 28.
fxg6 fxg6 29. Qxa5 Nf5 30. Qxd5+ Kg7 31. Raf3 Rxb2 32. Qxc4 Qg5 33. Qc7+ Kh6
34. R3f2 Qe3 35. Qc1 Rb4 36. Qxe3+ Nxe3 37. Re1 Nd5 38. e6 Rxa4 39. e7 Nxe7 40.
Rxe7 Rxd4 41. g3 Rg4 42. Kg2 Rg5 43. Rff7 1-0

[Event "SF Essen-Katernberg  4 - SV Ahlen 2"]
[Site "Verbandsklasse - Gruppe 1 202"]
[Date "2021.11.14"]
[Round "2.4"]
[White "Zamhoefer, Luca"]
[Black "Lang, Nico"]
[Result "1-0"]
[WhiteElo "1786"]
[BlackElo "1581"]
[PlyCount "105"]
[EventDate "2021.??.??"]
[WhiteTeam "SF Essen-Katernberg  4"]
[BlackTeam "SV Ahlen 2"]

1. e4 c5 2. c3 e6 3. d4 cxd4 4. cxd4 d5 5. Nc3 dxe4 6. Nxe4 Nc6 7. Nf3 g6 8.
Bc4 Bg7 9. Bg5 Nf6 10. O-O h6 11. Bxf6 Bxf6 12. Nxf6+ Qxf6 13. d5 exd5 14. Re1+
Kf8 15. Bxd5 Kg7 16. Qb3 Rb8 17. Bxc6 Qxc6 18. Ne5 Qe6 19. Qg3 Bd7 20. Nxd7
Qxd7 21. Qe5+ Kh7 22. Rad1 Qf5 23. Qxf5 gxf5 24. Re7 Kg7 25. Rdd7 Rhe8 26.
Rxf7+ Kg6 27. g3 Re2 28. Rxb7 Rxb2 29. Rxb8 Rxb8 30. Rxa7 f4 31. Kg2 fxg3 32.
hxg3 h5 33. Ra4 Kg5 34. Kh3 Rb2 35. Ra5+ Kg6 36. Kg2 Rc2 37. a4 Ra2 38. Kf3
Ra3+ 39. Kf4 Ra2 40. f3 Rc2 41. Ra6+ Kf7 42. Kg5 Rc5+ 43. Kh4 Rf5 44. g4 hxg4
45. fxg4 Rc5 46. a5 Rd5 47. g5 Rd1 48. Rf6+ Kg7 49. a6 Ra1 50. Rb6 Kg8 51. Kh5
Kg7 52. Rb7+ Kg8 53. a7 1-0

[Event "SF Essen-Katernberg  4 - SV Ahlen 2"]
[Site "Verbandsklasse - Gruppe 1 202"]
[Date "2021.11.14"]
[Round "2.5"]
[White "Jacob, Phil"]
[Black "Fattah, Samir"]
[Result "0-1"]
[WhiteElo "1012"]
[BlackElo "1783"]
[PlyCount "82"]
[EventDate "2021.??.??"]
[WhiteTeam "SV Ahlen 2"]
[BlackTeam "SF Essen-Katernberg  4"]

1. d4 d5 2. Bf4 Nf6 3. e3 g6 4. c4 e6 5. Bd3 Bg7 6. Nc3 c6 7. Nf3 O-O 8. h3
dxc4 9. Bxc4 Nd5 10. Bxd5 exd5 11. O-O f5 12. Ne5 Nd7 13. Nxd7 Qxd7 14. Qf3 h6
15. h4 b6 16. Rfd1 Bb7 17. Qg3 Kh7 18. Be5 Rae8 19. b4 Bxe5 20. dxe5 Qe7 21. a3
Qxe5 22. Qxe5 Rxe5 23. Kh2 Rd8 24. Re1 Rde8 25. Rad1 g5 26. hxg5 hxg5 27. Kg3
f4+ 28. Kf3 Kg6 29. e4 dxe4+ 30. Nxe4 Rxe4 31. Rd6+ Kf5 32. g4+ fxg3 33. Rxe4
Rxe4 34. fxg3 g4+ 35. Kf2 Re7 36. Rd8 Kf6 37. Rg8 Rg7 38. Rh8 Ke5 39. Rh5+ Kd4
40. Rh1 Rf7+ 41. Kg2 c5+ 0-1

[Event "SF Essen-Katernberg  4 - SV Ahlen 2"]
[Site "Verbandsklasse - Gruppe 1 202"]
[Date "2021.11.14"]
[Round "2.6"]
[White "Kraft, Juergen"]
[Black "Moeller, Finn"]
[Result "1/2-1/2"]
[WhiteElo "1856"]
[BlackElo "903"]
[PlyCount "49"]
[EventDate "2021.??.??"]
[WhiteTeam "SF Essen-Katernberg  4"]
[BlackTeam "SV Ahlen 2"]

1. e4 e5 2. Nf3 Nc6 3. Bc4 Bc5 4. c3 Nf6 5. d3 d5 6. exd5 Nxd5 7. O-O Be6 8. b4
Bd6 9. Re1 O-O 10. b5 Na5 11. Bxd5 Bxd5 12. Nxe5 Bxe5 13. Rxe5 Re8 14. Rxe8+
Qxe8 15. Be3 Qxb5 16. c4 Qb2 17. Nd2 Bc6 18. Nb3 b6 19. Bd4 Qa3 20. Bc3 Nxb3
21. axb3 Qc5 22. Qg4 g6 23. Re1 Re8 24. Rxe8+ Bxe8 25. Qd4 1/2-1/2

[Event "SF Essen-Katernberg  4 - SV Ahlen 2"]
[Site "Verbandsklasse - Gruppe 1 202"]
[Date "2021.11.14"]
[Round "2.7"]
[White "Dreesbach, Christoph"]
[Black "Wolff, Michael"]
[Result "1/2-1/2"]
[WhiteElo "1780"]
[BlackElo "1731"]
[PlyCount "56"]
[EventDate "2021.??.??"]
[WhiteTeam "SV Ahlen 2"]
[BlackTeam "SF Essen-Katernberg  4"]

1. e4 c5 2. Nf3 Nc6 3. d4 cxd4 4. Nxd4 Nf6 5. Nc3 e5 6. Nb3 Bb4 7. Bd3 d5 8.
exd5 Qxd5 9. O-O Bxc3 10. bxc3 O-O 11. Re1 e4 12. Be2 Qe5 13. Bb2 Be6 14. Nd4
Rad8 15. Qc1 Rfe8 16. Nxe6 Qxe6 17. Qe3 Nd5 18. Qg3 Nb6 19. Qg4 f5 20. Qf4 Nd5
21. Qg3 Nf6 22. c4 g6 23. Qc3 Kg7 24. Red1 Rxd1+ 25. Rxd1 Rd8 26. Rxd8 Nxd8 27.
c5 Nc6 28. Bc4 Qe7 1/2-1/2

[Event "SF Essen-Katernberg  4 - SV Ahlen 2"]
[Site "Verbandsklasse - Gruppe 1 202"]
[Date "2021.11.14"]
[Round "2.8"]
[White "Dette, Tim"]
[Black "Jaeger, Jeremy"]
[Result "1-0"]
[WhiteElo "1723"]
[BlackElo "927"]
[PlyCount "87"]
[EventDate "2021.??.??"]
[WhiteTeam "SF Essen-Katernberg  4"]
[BlackTeam "SV Ahlen 2"]

1. e4 c5 2. c4 e6 3. Nc3 Nc6 4. g3 g6 5. Bg2 Bg7 6. Nge2 Nge7 7. O-O O-O 8. d3
b6 9. Be3 Bb7 10. d4 cxd4 11. Nxd4 Ne5 12. Qe2 Qc7 13. b3 Ba6 14. Ncb5 Bxb5 15.
Nxb5 Qd8 16. Rad1 a6 17. Nd4 N5c6 18. Rd2 Nxd4 19. Bxd4 Bxd4 20. Rxd4 Nc6 21.
Rd2 Qe7 22. Rfd1 Rad8 23. Qe3 Ne5 24. Qxb6 Ra8 25. f4 Rab8 26. Qd6 Qxd6 27.
Rxd6 Nc6 28. Rxd7 Nb4 29. R1d2 Nc6 30. R7d6 Rfc8 31. e5 Ne7 32. Rxa6 Nf5 33.
Kf2 Rd8 34. Rxd8+ Rxd8 35. Ra8 Rxa8 36. Bxa8 Kf8 37. Be4 Ne7 38. Ke3 Ke8 39.
Kd4 Kd7 40. a4 Kc7 41. b4 Nc8 42. a5 Na7 43. b5 Nc8 44. c5 1-0

[Event "SG Bochum 3 - SV Rot-Weiß-Altenessen 1"]
[Site "Verbandsklasse - Gruppe 1 202"]
[Date "2021.11.14"]
[Round "2.1"]
[White "Praß, Marian"]
[Black "Hofmann, Benjamin"]
[Result "1-0"]
[WhiteElo "2010"]
[BlackElo "1635"]
[PlyCount "99"]
[EventDate "2021.??.??"]
[WhiteTeam "SV Rot-Weiß-Altenessen 1"]
[BlackTeam "SG Bochum 3"]

1. Nf3 d5 2. g3 Nf6 3. Bg2 c6 4. O-O Bf5 5. d3 Nbd7 6. Nbd2 e6 7. Qe1 Be7 8. e4
dxe4 9. dxe4 Bg6 10. Qe2 Nc5 11. Rd1 Qc7 12. Nh4 O-O 13. Nxg6 hxg6 14. e5 Nd5
15. f4 g5 16. Nf3 gxf4 17. gxf4 g6 18. c4 Nb4 19. Be3 Rad8 20. a3 Rxd1+ 21.
Rxd1 Nba6 22. b4 Na4 23. Qc2 Nb6 24. h4 Rd8 25. Rc1 Qd7 26. Bf1 c5 27. b5 Nc7
28. a4 Ne8 29. a5 Nc8 30. Be2 Ng7 31. Bf2 Qc7 32. Ra1 Bf8 33. Qe4 Ne7 34. a6
Rb8 35. axb7 Rxb7 36. Ra6 Rb6 37. Ra3 Nef5 38. Nh2 Be7 39. Nf3 Nh5 40. Ng5 Qb7
41. Bxh5 gxh5 42. Qe2 Ng7 43. Ne4 Qc7 44. Be1 Rb8 45. Rg3 Bxh4 46. Rxg7+ Kxg7
47. Bxh4 Qd7 48. Bf6+ Kh6 49. Ng3 Qd4+ 50. Kh2 1-0

[Event "SG Bochum 3 - SV Rot-Weiß-Altenessen 1"]
[Site "Verbandsklasse - Gruppe 1 202"]
[Date "2021.11.14"]
[Round "2.2"]
[White "Gausmann, Thomas"]
[Black "Rohloff, Markus"]
[Result "1/2-1/2"]
[WhiteElo "1704"]
[BlackElo "1897"]
[PlyCount "53"]
[EventDate "2021.??.??"]
[WhiteTeam "SG Bochum 3"]
[BlackTeam "SV Rot-Weiß-Altenessen 1"]

1. e4 e6 2. d4 d5 3. exd5 exd5 4. Nf3 Bd6 5. c4 c6 6. Nc3 Ne7 7. Bd3 dxc4 8.
Bxc4 O-O 9. O-O Bg4 10. h3 Bh5 11. g4 Bg6 12. Ne5 Nd7 13. f4 h6 14. Nxg6 Nxg6
15. Qd3 Nh8 16. Bd2 Nb6 17. Bb3 c5 18. Bc2 g6 19. dxc5 Bxc5+ 20. Kg2 Nc4 21.
Ne4 Qxd3 22. Bxd3 Nxd2 23. Nxd2 Rad8 24. Nb3 Bd4 25. Rab1 Bxb2 26. Rxb2 Rxd3
27. Nc5 1/2-1/2

[Event "SG Bochum 3 - SV Rot-Weiß-Altenessen 1"]
[Site "Verbandsklasse - Gruppe 1 202"]
[Date "2021.11.14"]
[Round "2.3"]
[White "Birdaini, Becir"]
[Black "Mazarov, Paul"]
[Result "1/2-1/2"]
[WhiteElo "1966"]
[BlackElo "1680"]
[PlyCount "44"]
[EventDate "2021.??.??"]
[WhiteTeam "SV Rot-Weiß-Altenessen 1"]
[BlackTeam "SG Bochum 3"]

1. e4 e5 2. Nf3 Nf6 3. Nc3 Bb4 4. d3 d5 5. Bd2 O-O 6. exd5 Nxd5 7. Nxd5 Bxd2+
8. Qxd2 Qxd5 9. Be2 Nc6 10. O-O Bg4 11. h3 Bh5 12. Rfe1 Rad8 13. Qc3 Rfe8 14.
Bd1 e4 15. dxe4 Rxe4 16. Rxe4 Qxe4 17. Ng5 Qg6 18. Bxh5 Qxh5 19. Nf3 Qd5 20. a3
Re8 21. Re1 Rxe1+ 22. Qxe1 Kf8 1/2-1/2

[Event "SG Bochum 3 - SV Rot-Weiß-Altenessen 1"]
[Site "Verbandsklasse - Gruppe 1 202"]
[Date "2021.11.14"]
[Round "2.4"]
[White "Gerzen, Robin"]
[Black "Kordonowski, Frank"]
[Result "0-1"]
[WhiteElo "1665"]
[BlackElo "1955"]
[PlyCount "68"]
[EventDate "2021.??.??"]
[WhiteTeam "SG Bochum 3"]
[BlackTeam "SV Rot-Weiß-Altenessen 1"]

1. e4 d6 2. d4 g6 3. Bc4 Bg7 4. Be3 Nf6 5. Nd2 O-O 6. h3 e5 7. Ne2 exd4 8. Bxd4
Nc6 9. Bc3 Qe7 10. f3 Ne5 11. Bxe5 Qxe5 12. c3 Bh6 13. Qc2 b5 14. Bb3 Bb7 15.
O-O c5 16. c4 b4 17. f4 Qe7 18. Ng3 Bg7 19. Rae1 Nd7 20. a3 a5 21. Ba4 Nb6 22.
Bb5 Bd4+ 23. Kh1 Qf6 24. a4 Qh4 25. Kh2 Bg7 26. Nb3 Rfd8 27. Re2 Qe7 28. f5 Be5
29. Nd2 h5 30. f6 Qc7 31. Nf3 Bxf6 32. Kg1 Bc8 33. e5 dxe5 34. Nxe5 Bxe5 0-1

[Event "SG Bochum 3 - SV Rot-Weiß-Altenessen 1"]
[Site "Verbandsklasse - Gruppe 1 202"]
[Date "2021.11.14"]
[Round "2.5"]
[White "Cavasin, Joerg"]
[Black "Butschek, Gerhard"]
[Result "1-0"]
[WhiteElo "1861"]
[BlackElo "1660"]
[PlyCount "99"]
[EventDate "2021.??.??"]
[WhiteTeam "SV Rot-Weiß-Altenessen 1"]
[BlackTeam "SG Bochum 3"]

1. c4 b6 2. Nf3 Bb7 3. Nc3 Nf6 4. d4 e6 5. Bg5 Be7 6. Qc2 d6 7. e4 c5 8. Be2
Nc6 9. Rd1 cxd4 10. Nxd4 Nxd4 11. Rxd4 e5 12. Rd2 a6 13. O-O Qc7 14. Rfd1 O-O-O
15. Be3 h5 16. Qb3 Nd7 17. Na4 Nc5 18. Nxb6+ Kb8 19. Bxc5 Qxc5 20. Rd5 Qc6 21.
a4 g6 22. a5 f5 23. Qg3 Qe8 24. Qb3 f4 25. c5 Ka7 26. Nc4 Qb5 27. Qxb5 axb5 28.
Nxd6 Bxd5 29. Nxb5+ Kb8 30. exd5 Bxc5 31. Bf3 Rhe8 32. Be4 g5 33. Rb1 Bb4 34.
a6 Bc5 35. b4 Bb6 36. d6 Rg8 37. Bb7 g4 38. Kf1 h4 39. Re1 g3 40. hxg3 hxg3 41.
fxg3 fxg3 42. Rxe5 Rgf8+ 43. Bf3 Rf4 44. Re7 Rxb4 45. Rb7+ Kc8 46. Rxb6 Rb1+
47. Ke2 Re8+ 48. Kd2 Rb2+ 49. Kc1 Ra2 50. Bg4+ 1-0